Logistické náklady podniku

Salvato in:
Dettagli Bibliografici
Autore principale: Gajdoš, Jozef, 1962-2025
Natura: Capitolo di libro
Lingua:slovacco
inglese
Soggetti:
Tags: Aggiungi Tag
Nessun Tag, puoi essere il primo ad aggiungerne!!

MARC

LEADER 00000nla a2200000 4500
001 0220949
005 20240503093934.6
041 0 |a slo 
041 0 |a eng 
044 |a SK 
245 1 0 |a Logistické náklady podniku  |c Jozef Gajdoš 
500 |a Abstrakt 
610 2 0 |a podnik 
610 2 0 |a náklady 
610 2 0 |a logistika 
610 2 0 |a logistika podniková 
610 2 0 |a logistika distribučná 
100 1 |a Gajdoš, Jozef, 1962-2025